000 01006nam a2200277Ia 4500
003 OSt
005 20221005103251.0
006 a|||||r|||| 00| 0
007 ta
008 221004b |||||||| |||| 00| 0 hin d
020 _a9788192469553 (hbk)
_cIndian Rupees 100
024 _a33823
037 _bGift, 03/10/2017,
_cTextual
040 _aCRL
_cCRL
_bhin
041 _2hin
_ahin
082 _aO152,1NN7x, Q6
100 _aकुम्भज, राजकुमार, ले.
245 0 _aजब कुछ छूटता है
246 _aJab kuchh chhūṭatā hai
260 _aगाजियाबाद
_bकृष्णादि पब्लिकेशन भारत
_c2016
300 _a100पृ0
_ccm.
650 _a हिन्दी साहित्य
650 _aहिन्दी कविता
942 _hO152,1NN7x, Q6
_cTEXL
_2cc
999 _c1009739
_d1009739